03252cam a22003135a 45000010009000000050017000090080041000260200018000670400042000850820020001271000035001472450091001822500025002732600044002983000034003425000024003765040031004005060043004315202030004746500032025046500036025366510010025726530024025828560125026069100040027319420008027719990017027799520142027961176593120201128023909.0150126s2015 inua frb 001 2 eng d a9781119096726 aBIP USbengcBIP USdWaSeSSdEG-ScBUE04a005.82bSCH2221 aSchneier, Bruce,d1963-91835710aApplied Cryptography :bProtocols, Algorithms and Source Code in C /cBruce Schneier.  a20th anniversary ed. aHoboken : bJohn Wiley & Sons,cc.2015. axxv, 758 p. :bill. ;c24 cm. aIndex : p. 743-758. aBibliography : p.675-741.  aLicense restrictions may limit access.8 aAnnotationbFrom the world's most renowned security technologist, Bruce Schneier, this 20th Anniversary Edition is the most definitive reference on cryptography ever published and is the seminal work on cryptography. Cryptographic techniques have applications far beyond the obvious uses of encoding and decoding information. For developers who need to know about capabilities, such as digital signatures, that depend on cryptographic techniques, there's no better overview than Applied Cryptography, the definitive book on the subject. Bruce Schneier covers general classes of cryptographic protocols and then specific techniques, detailing the inner workings of real-world cryptographic algorithms including the Data Encryption Standard and RSA public-key cryptosystems. The book includes source-code listings and extensive advice on the practical aspects of cryptography implementation, such as the importance of generating truly random numbers and of keeping keys secure. ". . .the best introduction to cryptography I've ever seen. . . .The book the National Security Agency wanted never to be published. . . ." -Wired Magazine ". . .monumental . . . fascinating . . . comprehensive . . . the definitive work on cryptography for computer programmers . . ." -Dr. Dobb's Journal ". . .easily ranks as one of the most authoritative in its field." -PC Magazine The book details how programmers and electronic communications professionals can use cryptography-the technique of enciphering and deciphering messages-to maintain the privacy of computer data. It describes dozens of cryptography algorithms, gives practical advice on how to implement them into cryptographic software, and shows how they can be used to solve security problems. The book shows programmers who design computer applications, networks, and storage systems how they can build security into their software and systems. With a new Introduction by the author, this premium edition will be a keepsake for all those committed to computer and cyber security. 7aCryptography.2BUEsh918352 7aComputer security.2BUEsh92637 2BUEsh bCOMSCIcOctober201640uhttp://www.columbia.edu/cgi-bin/cul/resolve?clio11765931zFull text available from Safari Technical Books (Current File) aBowker Global Books in Print record 2ddc c22663d22635 00102ddc40708AcademicaMAINbMAINcLOWd2016-10-17ePurchaseg588.00h9128l0o005.82 SCHp000034154r2025-07-15 00:00:00v735.00yBB